20 meistgesprochene Sprachen (anhand der Gesamtsprecher) - Statistiken

Allgemein
  • Dieses Quiz wurde 6 mal gespielt
  • Das Durchschnittsergebnis liegt bei 13 aus 20
Antwortstatistiken
Rang Gesamtsprecher Sprache % Korrekt
12. 160 Mio. Deutsch
100%
1. 1.453 Mio. Englisch
100%
5. 274 Mio. Französisch
100%
3. 610 Mio. Hindi
100%
6. 274 Mio. Hocharabisch
100%
13. 125 Mio. Japanisch
100%
9. 258 Mio. Portugiesisch
100%
8. 258 Mio. Russisch
100%
4. 559 Mio. Spanisch
100%
11. 199 Mio. Indonesisch
75%
19. 86 Mio. Kantonesisch
75%
2. 1.118 Mio. Mandarin-Chinesisch
75%
17. 88 Mio. Türkisch
75%
7. 273 Mio. Bengalisch
25%
18. 86 Mio. Tamil
25%
10. 231 Mio. Urdu
25%
20. 86 Mio. Vietnamesisch
25%
15. 99 Mio. Marathi
0%
14. 121 Mio. Nigerianisches Pidgin
0%
16. 96 Mio. Telugu
0%
Keine übereinstimmenden Quizze gefunden
Verteilung der Resultate
Anzahl Personen mit jedem Resultat
Perzentil nach korrekt beantworteten Fragen
Ihre Resultats-Entwicklung
Sie haben dieses Quiz noch nicht gespielt